000 00414nam a2200157Ia 4500
008 230917s9999||||xx |||||||||||||| ||und||
040 _e107780
_aMAIN
041 _aEnglish
082 _a658.4 H439M
100 _aHersey, Paul
245 0 _aManagement of organisational behaviour: leading Human Resources
250 _a8th ed.
260 _aDelhi
_bPearson Education
_c2005
300 _a516p p.
942 _cBK
999 _c123251
_d123251